Bible Place or Gibberish Quiz Stats

 Plays Quiz not verified by Sporcle

Challenge
Share
Tweet
Embed
Score 0/32 Timer 03:00
0 Plays Today
Place?? Bib or Gib % Correct
????
74.4%
????
69.3%
????
68.5%
????
68.5%
????
62.2%
????
62.2%
????
56.8%
????
55.4%
????
55.1%
????
55.1%
????
55.1%
????
54.5%
????
52.7%
????
52.4%
????
52.1%
????
52.1%
Place?? Bib or Gib % Correct
????
50.3%
????
49.7%
????
47.6%
????
46.4%
????
44.9%
????
44.3%
????
43.8%
????
42.3%
????
40.8%
????
39.9%
????
37.2%
????
37.2%
????
35.1%
????
31.5%
????
31.5%
????
24.4%

You're not logged in!

Compare scores with friends on all Sporcle quizzes.
OR
Log In

You Might Also Like...

Show Comments

Extras

Curator's Pick Nov 10, 2014ReportNominate
Tags:Bible Quiz, This or That Quiz, Place Names

Top Quizzes Today


Score Distribution

Your Account Isn't Verified!

In order to create a playlist on Sporcle, you need to verify the email address you used during registration. Go to your Sporcle Settings to finish the process.

Report this User

Report this user for behavior that violates our Community Guidelines.

Details: